Cases in strategic management /
The manager as chief strategy maker and strategy implementer. Crafting strategy in single business companies. Crafting strategy in diversified companies. Implementing and executing strategy. Strategy, ethics, and social responsibility.
Guardat en:
| Autor principal: | |
|---|---|
| Altres autors: | |
| Format: | Llibre |
| Idioma: | English |
| Publicat: |
Boston, Mass. :
Irwin/McGraw-Hill,
1998.
|
| Edició: | 10th ed. |
| Matèries: | |
| Etiquetes: |
Afegir etiqueta
Sense etiquetes, Sigues el primer a etiquetar aquest registre!
|
| Thư viện lưu trữ: | Mạng thư viện Đại học Đà Nẵng |
|---|
| LEADER | 01321cam a2200385 i 4500 | ||
|---|---|---|---|
| 001 | 000049575 | ||
| 003 | 9325 | ||
| 005 | 20051111143941.0 | ||
| 008 | 010321b1998 vm 000 eng | ||
| 020 | |a 0256237387 | ||
| 040 | |a IRC |c IRC |d IRC | ||
| 041 | 0 | |a eng | |
| 082 | 1 | 4 | |a 658.4012 |b ST-A |
| 100 | 1 | |a Strickland, Alonzo J. | |
| 245 | 0 | 0 | |a Cases in strategic management / |c A. J. Strickland III, Arthur A. Thompson, Jr. |
| 250 | |a 10th ed. | ||
| 260 | |a Boston, Mass. : |b Irwin/McGraw-Hill, |c 1998. | ||
| 300 | |a xii, 691 p. : |b ill. (some col.), col. maps. ; |c 25cm. | ||
| 520 | 3 | |a The manager as chief strategy maker and strategy implementer. Crafting strategy in single business companies. Crafting strategy in diversified companies. Implementing and executing strategy. Strategy, ethics, and social responsibility. | |
| 630 | 0 | 4 | |a Business. |
| 630 | 0 | 4 | |a Management. |
| 630 | 0 | 4 | |a Strategic planning. |
| 650 | 0 | 4 | |a Strategic planning |z United States |x Case studies. |
| 650 | 0 | 4 | |a Industrial management |z United States |x Case studies. |
| 700 | 1 | |a Thompson, Arthur A. | |
| OWN | |a DUT | ||
| 999 | |a From the UDN01 | ||
| TYP | |a Monograph | ||
| TYP | |a Printed language | ||
| 980 | |a Mạng thư viện Đại học Đà Nẵng | ||


